<?xml version="1.0" encoding="UTF-8"?>
<record
    xmlns:xsi="http://www.w3.org/2001/XMLSchema-instance"
    xsi:schemaLocation="http://www.loc.gov/MARC21/slim http://www.loc.gov/standards/marcxml/schema/MARC21slim.xsd"
    xmlns="http://www.loc.gov/MARC21/slim">

  <leader>01359na  a2200325   4500</leader>
  <controlfield tag="001">22699</controlfield>
  <controlfield tag="003">MIRAKIL</controlfield>
  <controlfield tag="005">20181213155208.0</controlfield>
  <controlfield tag="008">170304b        tu            000 0      </controlfield>
  <datafield tag="035" ind1=" " ind2=" ">
    <subfield code="a">17971</subfield>
  </datafield>
  <datafield tag="040" ind1=" " ind2=" ">
    <subfield code="a">Milas</subfield>
    <subfield code="b">tur</subfield>
    <subfield code="c">TR-AnCHP</subfield>
  </datafield>
  <datafield tag="041" ind1=" " ind2=" ">
    <subfield code="a">tur</subfield>
  </datafield>
  <datafield tag="082" ind1=" " ind2=" ">
    <subfield code="a">CHP 361.65</subfield>
    <subfield code="b">T97g 2014/10</subfield>
  </datafield>
  <datafield tag="090" ind1=" " ind2=" ">
    <subfield code="a">CHP 361.65 T97g 2014/10</subfield>
  </datafield>
  <datafield tag="100" ind1=" " ind2=" ">
    <subfield code="a">T&#xFC;t&#xFC;nc&#xFC;, Enis</subfield>
    <subfield code="c">CHP Tekirda&#x11F; 18-22 ve 23. D&#xF6;nem Milletvekili</subfield>
  </datafield>
  <datafield tag="245" ind1=" " ind2=" ">
    <subfield code="a">G&#xFC;&#xE7;l&#xFC; T&#xFC;rkiye &#xE7;a&#x11F;da&#x15F; sosyal devlet ve temel dayanaklar&#x131;</subfield>
    <subfield code="b">(birinci taslak Ekim 2014)</subfield>
    <subfield code="c">Enis T&#xFC;t&#xFC;nc&#xFC;</subfield>
  </datafield>
  <datafield tag="246" ind1=" " ind2=" ">
    <subfield code="a">G&#xFC;&#xE7;l&#xFC; T&#xFC;rkiye &#xE7;a&#x11F;da&#x15F; sosyal devlet ve temel dayanaklar&#x131;</subfield>
  </datafield>
  <datafield tag="246" ind1=" " ind2=" ">
    <subfield code="a">&#xC7;a&#x11F;da&#x15F; sosyal devlet</subfield>
  </datafield>
  <datafield tag="260" ind1=" " ind2=" ">
    <subfield code="a">[Ankara]</subfield>
    <subfield code="b">[yayl. y.]</subfield>
    <subfield code="c">Ekim 2014</subfield>
  </datafield>
  <datafield tag="300" ind1=" " ind2=" ">
    <subfield code="a">107 s.</subfield>
    <subfield code="c">30sm.</subfield>
  </datafield>
  <datafield tag="500" ind1=" " ind2=" ">
    <subfield code="a">Yap&#x131;t ad&#x131; &#xFC;st&#xFC;nde : Cumhuriyet'in 100'&#xFC;nc&#xFC; y&#x131;l&#x131; projesi</subfield>
  </datafield>
  <datafield tag="500" ind1=" " ind2=" ">
    <subfield code="a">Yerel numaradaki say&#x131;lar, aylar&#x131; temsil eder : Ocak -1 ; &#x15E;ubat - 2 ; Mart - 3 ; Nisan - 4 ; May&#x131;s - 5; Haziran - 6 ; Temmuz - 7; A&#x11F;ustos - 8; Eyl&#xFC;l - 9; Ekim - 10; Kas&#x131;m - 11 ; Aral&#x131;k - 12.</subfield>
  </datafield>
  <datafield tag="610" ind1=" " ind2=" ">
    <subfield code="a">CHP</subfield>
    <subfield code="x">Sosyal politikalar</subfield>
    <subfield code="y">Sosyal devlet</subfield>
  </datafield>
  <datafield tag="650" ind1=" " ind2=" ">
    <subfield code="a">Refah devleti</subfield>
    <subfield code="z">T&#xFC;rkiye</subfield>
  </datafield>
  <datafield tag="650" ind1=" " ind2=" ">
    <subfield code="a">Sosyal devlet</subfield>
    <subfield code="z">T&#xFC;rkiye</subfield>
  </datafield>
  <datafield tag="651" ind1=" " ind2=" ">
    <subfield code="a">T&#xFC;rkiye</subfield>
    <subfield code="x">Sosyal politikalar</subfield>
    <subfield code="y">2002-</subfield>
  </datafield>
  <datafield tag="740" ind1=" " ind2=" ">
    <subfield code="a">G&#xFC;&#xE7;l&#xFC; T&#xFC;rkiye ve &#xE7;a&#x11F;da&#x15F; sosyal devlet</subfield>
  </datafield>
  <datafield tag="740" ind1=" " ind2=" ">
    <subfield code="a">Cumhuriyet'in 100'&#xFC;nc&#xFC; y&#x131;l&#x131; pojesi</subfield>
  </datafield>
  <datafield tag="942" ind1=" " ind2=" ">
    <subfield code="2">dcc</subfield>
    <subfield code="c">BKS</subfield>
  </datafield>
  <datafield tag="952" ind1=" " ind2=" ">
    <subfield code="5">1</subfield>
    <subfield code="a">0001</subfield>
    <subfield code="b">0001</subfield>
    <subfield code="d">2017-02-23</subfield>
    <subfield code="e">2</subfield>
    <subfield code="f"> CHP</subfield>
    <subfield code="l">0</subfield>
    <subfield code="o">CHP 361.65 T97g 2014/10</subfield>
    <subfield code="p">016320</subfield>
    <subfield code="r">2017-02-23 00:00:00</subfield>
    <subfield code="v">0.00</subfield>
    <subfield code="w">2017-02-23</subfield>
    <subfield code="y">BKS</subfield>
  </datafield>
  <datafield tag="999" ind1=" " ind2=" ">
    <subfield code="c">8345</subfield>
    <subfield code="d">8345</subfield>
  </datafield>
</record>
